000 00793cam a22002651 4500
001 sa 68005758
003 DLC
005 20260227112511.0
008 891003s1961 pk abch b 000 0 urdr
010 _asa 68005758
035 _a(OCoLC)20432921
040 _aDLC
_cWaU
_dDLC
042 _apremarc
043 _aa-pk---
050 0 0 _aPK7010
_b.N3
100 1 _aNamus, Fradun-i-Zaman Mohammad Shuja,
_d1900-1981.
245 1 0 _aGilgit aur Shinā zabān.
260 _c[1961]
300 _a42, 499 p.
_billus., facsims., maps (part fold. col.) ports. (part col.)
_c25 cm.
500 _aIn Urdu.
504 _aList of the author's works: prelim. p. [3]-[4]
504 _aBibliography: p. 5-8 (1st group)
650 0 _aShina language
_xHistory.
651 0 _aGilgit District (Pakistan)
999 _c80939
_d80939